Möglichkeiten und Grenzen des Aussenhandels mit den europäischen Ostblockstaaten
Gorde:
| Egile nagusia: | |
|---|---|
| Formatua: | Liburua |
| Hizkuntza: | Undetermined |
| Argitaratua: |
Wien
Olzog
1966
|
| Gaiak: | |
| Etiketak: |
Etiketa erantsi
Etiketarik gabe, Izan zaitez lehena erregistro honi etiketa jartzen!
|
| Thư viện lưu trữ: | Trung tâm Học liệu Trường Đại học Cần Thơ |
|---|
| LEADER | 00556nam a2200181Ia 4500 | ||
|---|---|---|---|
| 001 | CTU_83123 | ||
| 008 | 210402s9999 xx 000 0 und d | ||
| 082 | |a 382.0947 | ||
| 082 | |b N923 | ||
| 100 | |a Nötzold, Jürgen | ||
| 245 | 0 | |a Möglichkeiten und Grenzen des Aussenhandels mit den europäischen Ostblockstaaten | |
| 245 | 0 | |c Jürgen Nötzold ; Mitarbeit von Liselotte Janssen | |
| 260 | |a Wien | ||
| 260 | |b Olzog | ||
| 260 | |c 1966 | ||
| 650 | |a Commerce | ||
| 904 | |i QHieu(sửa) | ||
| 980 | |a Trung tâm Học liệu Trường Đại học Cần Thơ | ||